El derecho procesal penal

Đã lưu trong:
Chi tiết về thư mục
Tác giả chính: Fenech, Miguel (Tác giả)
Định dạng: Sách
Ngôn ngữ:Tiếng Tây Ban Nha
Được phát hành: Barcelona Labor 1960
Phiên bản:3a. ed
Những chủ đề:
Các nhãn: Thêm thẻ
Không có thẻ, Là người đầu tiên thẻ bản ghi này!

MARC

LEADER 00000nam a2200000 a 4500
001 UCS1045
003 CL-VaPUC
008 970506e19600000SP |||||||||||||||||spa|d
082 0 4 |a 345.05  |b FEN  |2 21 
100 0 |a Fenech, Miguel  |e author  |9 385066 
245 1 3 |a El derecho procesal penal 
250 |a 3a. ed 
300 |a 2 v 
942 |c BK 
945 |d 19970506 00:00:00  |a lriquelm 
260 |a Barcelona  |b Labor  |c 1960 
650 0 |a Derecho procesal penal  |9 255496 
650 0 |a Recursos procesales  |9 255595 
650 0 |a Proceso penal  |9 381370 
650 0 |a Derecho procesal penal   |9 256392 
583 |a last modification  |c 19970506 00:00:00  |k Rodrigo Vera 
999 |c 259156  |d 259154 
952 |0 0  |1 0  |4 0  |6 345_050000000000000_FEN_1960  |7 0  |8 A  |9 283744  |a BIBDER  |b BIBDER  |d 2019-11-19  |h v.1  |i 1840444  |l 1  |m 4  |o 345.05 FEN 1960  |p 1840444  |r 2024-01-31  |s 2020-03-04  |w 2019-11-19  |y BK  |k DER 
952 |0 0  |1 0  |4 0  |6 345_050000000000000_FEN_1960  |7 0  |8 A  |9 283745  |a BIBDER  |b BIBDER  |d 2019-11-19  |h v.2  |i 1840436  |o 345.05 FEN 1960  |p 1840436  |r 2019-11-19  |w 2019-11-19  |y BK  |k DER 
952 |0 0  |1 0  |4 0  |6 345_050000000000000_FEN_1960  |7 0  |8 A  |9 283746  |a BIBDER  |b BIBDER  |d 2019-11-19  |h v.2  |i 1840428  |l 1  |m 5  |o 345.05 FEN 1960  |p 1840428  |r 2024-01-31  |s 2020-03-04  |w 2019-11-19  |y BK  |k DER